Rappeurs par lettre - L - Statistiques

Statistiques générales
  • Ce quiz a été pris 260 fois
  • Le résultat moyen est 9 sur 24
Statistiques - réponses
Albums notable Rappeur % Correct
TRINITY, Digitalova Laylow
72%
100 visages, TRAP$TAR Leto
72%
Empereur du sale, Rien à branler LORENZO
64%
RIPRO, Corleone Lacrim
62%
FLIP, Jeannine Lomepal
61%
Etoile Noire Luv Resval
57%
Cité blanche, Petit prince Larry
55%
ERRR La Fève
48%
Mauvais oeil Lunatic
46%
Mes repères, Capital du crime La Fouine
41%
Sur la tête de ma mère L'Algérino
41%
Wesh enfoiré Lesram
36%
Requiem Lino
33%
Assa Baing, A-One Landy
29%
Montagnes Russes Lujipeka
29%
Fenomeno, Maestro Lartiste
28%
FAMOUS, DEMINEUR Lefa
25%
Mécanique des fluides, Tristesse Business Luidji
23%
Violences urbaines, Bouteille d'absinthe LIM
18%
Liberta, 2 lions L'Allemand
16%
En attendant la popance, Kriegsmarine Lyonzon
15%
Mode de vie - béton style Le Rat Luciano
14%
Saison 1 L'As
7%
O Feeling, Ohkage La Famax
5%
Aucun quiz correspondant
Distribution des résultats
% des personnes avec chaque résultat
Percentile par nombre de réponses
Votre historique - résultats
Vous n’avez pas pris ce quiz